000 00781nam a2200253 a 4500
001 588
003 BD-RjUL
005 20211208233213.0
008 910911r2004 njua b 001 0 eng d
020 _a8120307801
035 _a(BD-RjUL)606
040 _aDLC
_cDLC
_dBOS
_dBD-RjUL
_beng
041 _aeng
082 _223
_a004.6
_bBED 1992
100 1 _aBertsekas, Dimitri P.
_91803
245 1 0 _aData networks /
_cDimitri Bertsekas, Robert Gallager.
250 _a2nd ed.
260 _aEnglewood Cliffs, N.J. :
_bPrentice Hall,
_cc1992 [reprinted 2004].
300 _axix, 556 p. :
_bill. ;
_c24 cm.
504 _aIncludes bibliographical references (p. 537-551) and index.
650 0 _aData transmission systems.
_9408
700 1 _aGallager, Robert G.
_91804
942 _2ddc
_cBK
999 _c588
_d588